000 00924cam a2200301 4500
001 J1638
008 090401t1993 xxu||||| |||| 00| 0 eng d
035 _a(Sirsi) u44575
041 _aeng
050 _a333.33
110 _aErnst and Young
_93056
245 4 _aThe property cycle: the management issue.
260 _aLondon
_bErnst & Young
_c1993
300 _a42p. ; 30cm.
350 _a0
490 _aThought Leadership Series
_v1
520 _aIncludes findings of a survey commissioned from the Corporate Intelligence Group, who interviewd funders, developers and occupiers.
650 _aPROPERTY-COMMERCIAL PROPERTY
650 _aCORPORATE INTELLIGENCE GROUP
650 _aOCCUPIERS REQUIREMENTS
650 _aPROPERTY CYCLES
650 _aPROPERTY DEVELOPMENT
650 _aPROPERTY FINANCE
650 _aRECESSION
690 _aPROPERTY LAW AND PRACTICE
942 _n0
948 _c04/03/1997
999 _c91561
_d91561